|
|
|
|
| LEADER |
01306nam a22003732i 4500 |
| 001 |
001523948 |
| 003 |
CZ BrMZK |
| 005 |
20160912105129.0 |
| 007 |
ta |
| 008 |
160503s1985 xo a br|||||||||j|slo d |
| 040 |
|
|
|a ABA001
|b cze
|c ABA001
|d ABA001
|d BOA001
|e rda
|
| 072 |
|
7 |
|a 821.162.4
|x Slovenská literatura
|2 Konspekt
|9 25
|
| 072 |
|
7 |
|a 821-93
|x Literatura pro děti a mládež (beletrie)
|2 Konspekt
|9 26
|
| 080 |
|
|
|a 821.162.4-32
|2 MRF
|
| 080 |
|
|
|a 821-93
|2 MRF
|
| 080 |
|
|
|a (0:82-32)
|2 MRF
|
| 100 |
1 |
|
|a Gašparová, Eleonóra,
|d 1925-2010
|7 jn19990210233
|4 aut
|
| 245 |
1 |
0 |
|a Živý koník /
|c Eleonóra Gašparová ; ilustrácie Renáta Vlachová
|
| 250 |
|
|
|a 1. vydanie
|
| 264 |
|
1 |
|a Bratislava :
|b Mladé letá,
|c 1985
|
| 300 |
|
|
|a 99 stran :
|b ilustrace ;
|c 4°
|
| 336 |
|
|
|a text
|b txt
|2 rdacontent
|
| 337 |
|
|
|a bez média
|b n
|2 rdamedia
|
| 338 |
|
|
|a svazek
|b nc
|2 rdacarrier
|
| 490 |
1 |
|
|a Studnička
|
| 521 |
8 |
|
|a Pro děti od 5 let
|
| 655 |
|
7 |
|a slovenské příběhy
|7 fd183398
|2 czenas
|
| 655 |
|
7 |
|a publikace pro děti
|7 fd133156
|2 czenas
|
| 700 |
1 |
|
|a Vlachová, Renáta,
|d 1933-
|7 jx20050628035
|4 ill
|
| 830 |
|
0 |
|a Studnička
|
| 910 |
|
|
|a BOA001
|b M3-0905.293
|
| 990 |
|
|
|a BK
|
| 991 |
|
|
|b 201604
|
| 996 |
7 |
|
|b 2619149986
|c M3-0905.293
|l MZK
|r Sklad / do 24 hodin
|n 0
|w 001559262
|u 000010
|a 1
|e BOA001
|j MZK50
|s A
|